000 00760nam a2200241 a 4500
001 62308
003 BD-RjUL
005 20211209081052.0
008 170123s1999 ii b 001 0 eng
020 _a8176480576
035 _a(BD-RjUL)62434
040 _aDLC
_cDLC
_dBD-RjUL
_beng
041 _aeng
082 0 0 _a780.954
_223
_bTHM 1999
100 1 _aThielemann, Selina.
_9184218
245 1 4 _aThe music of South Asia /
_cby Selina Thielemann.
260 _aNew Delhi :
_bA.P.H. Pub. Corp.,
_c1999.
300 _av, 690 p. ;
_c25 cm.
504 _aIncludes bibliographical references and index.
520 _aCollection of lectures; includes music with letter notation.
650 0 _aMusic
_zSouth Asia
_xHistory and criticism.
_9185324
942 _2ddc
_cBK
999 _c62308
_d62308